ARRUPE JESUIT UNIVERSITY

CORONAVIRUS -STOP THE SPREAD - CLEAN,DISINFECT,COVER

John Boyes, king of the Wa-Kikuyu. (Record no. 124008)

MARC details
000 -LEADER
fixed length control field 01666nam a2200373K 4500
001 - CONTROL NUMBER
control field 9067270
003 - CONTROL NUMBER IDENTIFIER
control field ARRUPE
005 - DATE AND TIME OF LATEST TRANSACTION
control field 20160122113422.0
006 - FIXED-LENGTH DATA ELEMENTS--ADDITIONAL MATERIAL CHARACTERISTICS--GENERAL INFORMATION
fixed length control field m d
007 - PHYSICAL DESCRIPTION FIXED FIELD--GENERAL INFORMATION
fixed length control field cr bn||||||abp
007 - PHYSICAL DESCRIPTION FIXED FIELD--GENERAL INFORMATION
fixed length control field cr bn||||||ada
008 - FIXED-LENGTH DATA ELEMENTS--GENERAL INFORMATION
fixed length control field 110606s1911 enkbcf o 000 0 eng d
035 ## - SYSTEM CONTROL NUMBER
System control number (OCoLC)ocn729306714
035 ## - SYSTEM CONTROL NUMBER
System control number (OCoLC)729306714
040 ## - CATALOGING SOURCE
Original cataloging agency OCLCE
Language of cataloging eng
Transcribing agency OCLCE
043 ## - GEOGRAPHIC AREA CODE
Geographic area code f------
049 ## - LOCAL HOLDINGS (OCLC)
Holding library ZCUA
050 #4 - LIBRARY OF CONGRESS CALL NUMBER
Classification number SPC DT434.E2
Item number B7
082 04 - DEWEY DECIMAL CLASSIFICATION NUMBER
Classification number 967.6
Item number B791Y
300 ## - PHYSICAL DESCRIPTION
Other physical details front. (port.) plates, map.
Dimensions 23 cm.
100 1# - MAIN ENTRY--PERSONAL NAME
Personal name Boyes, John,
Dates associated with a name 1874-
9 (RLIN) 21721
245 10 - TITLE STATEMENT
Title John Boyes, king of the Wa-Kikuyu.
Remainder of title A true story of travel and adventure in Africa,
Statement of responsibility, etc written by himself, ed. by C.W.L. Bulpett; with twelve illustrations and a map.
260 ## - PUBLICATION, DISTRIBUTION, ETC. (IMPRINT)
Place of publication, distribution, etc London,
Name of publisher, distributor, etc Methuen & Co.
Date of publication, distribution, etc 1912
300 ## - PHYSICAL DESCRIPTION
Extent xv, 320 p.;
500 ## - GENERAL NOTE
General note American edition published in 1912 under title: A white king in East Africa; the remarkable adventures of John Boyes ...
506 ## - RESTRICTIONS ON ACCESS NOTE
Materials specified Use copy
Standardized terminology for access restriction Restrictions unspecified
Source of term star
Institution to which field applies MiAaHDL
533 ## - REPRODUCTION NOTE
Type of reproduction Electronic reproduction.
Place of reproduction [S.l.] :
Agency responsible for reproduction HathiTrust Digital Library,
Date of reproduction 2011.
538 ## - SYSTEM DETAILS NOTE
System details note Master and use copy. Digital master created according to Benchmark for Faithful Digital Reproductions of Monographs and Serials, Version 1. Digital Library Federation, December 2002.
Uniform Resource Identifier <a href="http://purl.oclc.org/DLF/benchrepro0212">http://purl.oclc.org/DLF/benchrepro0212</a>
583 1# - ACTION NOTE
Action digitized
Time/date of action 2011
Jurisdiction HathiTrust Digital Library
Status committed to preserve
Source of term pda
Institution to which field applies MiAaHDL
650 #0 - SUBJECT ADDED ENTRY--TOPICAL TERM
Topical term or geographic name as entry element Kikuyu (African people)
9 (RLIN) 13107
651 #0 - SUBJECT ADDED ENTRY--GEOGRAPHIC NAME
Geographic name Africa, British East.
9 (RLIN) 21722
700 1# - ADDED ENTRY--PERSONAL NAME
Personal name Bulpett, C. W. L.,
Relator term ed.
9 (RLIN) 21723
776 1# - ADDITIONAL PHYSICAL FORM ENTRY
Qualifying information Original
Record control number (DLC)a 14001205
-- (OCoLC)10543140
942 ## - ADDED ENTRY ELEMENTS (KOHA)
Source of classification or shelving scheme Library of Congress Classification
Koha item type Monograph ( Printed materials)
Holdings
Withdrawn status Lost status Source of classification or shelving scheme Damaged status Not for loan Collection code Home library Current library Shelving location Date acquired Total Checkouts Full call number Barcode Date last seen Price effective from Koha item type
    Library of Congress Classification     Main Collection ARRUPE LIBRARY ARRUPE LIBRARY Main Collection 22/01/2016   SPC DT434.E2B7 46500006008 22/01/2016 22/01/2016 Monograph ( Printed materials)

 

Arrupe Library. PO Box MP320 Mt Pleasant, Harare, Zimbabwe
263 242 745411|librarian@aju.ac.zw